Macroeconomic consequences of remittances

Enregistré dans:
Détails bibliographiques
Auteur principal: Chami, Ralph
Format: Livre
Langue:anglais
Publié: Washington, D.C. International Monetary Fund 2008
Collection:Occasional paper 259
Sujets:
Tags: Ajouter un tag
Pas de tags, Soyez le premier à ajouter un tag!

MARC

LEADER 00000nam$a2200000$$$4500
001 0107385
005 20240315115529.7
020 |a 978-1-58906-701-1 
041 0 |a eng 
044 |a US 
245 1 0 |a Macroeconomic consequences of remittances  |c Ralph Chami ... [et al.] 
264 1 |a Washington, D.C.  |b International Monetary Fund  |c 2008 
300 |a vii, 84 s. 
490 1 |a Occasional paper  |v 259 
830 0 |a Occasional paper  |v 259 
610 2 0 |a makroekonomika 
610 2 0 |a politika peňažná 
610 2 0 |a trh práce 
100 1 |a Chami, Ralph